MARC

LEADER 00000nam0a2200000 4500
001 278585
005 20231101235128.0
020 |a RU  |b 86-19624 
035 |a (RuTPU)RU\TPU\book\301862 
090 |a 278585 
100 |a 20141212d1986 km y0rusy5003 ca 
101 0 |a rus 
102 |a UA 
105 |a a z 001zy 
200 1 |a Полносборные здания со стенами из кирпича и керамических камней  |f И. Ш. Плотинский 
210 |a Киев  |c Будiвельник  |d 1986 
215 |a 88 с.  |c ил. 
320 |a Библиогр.: с. 87 (30 назв.) 
606 1 |a Здания и постройки сборные  |x Монтаж  |2 stltpush  |3 (RuTPU)RU\TPU\subj\11657  |9 38575 
610 1 |a панели стеновые керамические 
610 1 |a производство 
610 1 |a блоки кирпичные 
610 1 |a керамические блоки 
675 |a 69.057.1  |z rus  |v 4 
700 1 |a Плотинский  |b И. Ш.  |g Изяслав Шулимович  |4 070 
801 0 |a RU  |b RuMRKP  |c 19950704  |g psbo 
801 1 |a RU  |b 63413507  |c 20141212 
801 2 |a RU  |b 63413507  |c 20180112  |g RCR 
942 |c BK